000
00318nam a2200121Ia 4500
008
220217s9999||||xx |||||||||||||| ||und||
082
_a
894.814 1 JAG
100
_a
Jagadhatmananda, Swamy
245
0
_a
Badhukalu kaliyiri
260
_a
Ramakrishna asrama
_b
Mysore
_c
2001
300
_b
90
650
_a
GENERAL BOOKS
999
_c
172404
_d
172404